Turek's Orthopaedics : (Record no. 114172)

MARC details
000 -LEADER
fixed length control field 00987cam a2200301 a 4500
008 - FIXED-LENGTH DATA ELEMENTS--GENERAL INFORMATION
fixed length control field
020 ## - INTERNATIONAL STANDARD BOOK NUMBER
International Standard Book Number 0397506929 (hbk.)
049 ## - LOCAL HOLDINGS (OCLC)
Holding library MAIN
050 00 - LIBRARY OF CONGRESS CALL NUMBER
Classification number RD731TUR
003 - CONTROL NUMBER IDENTIFIER
control field
005 - DATE AND TIME OF LATEST TRANSACTION
control field 20230120203932.0
040 ## - CATALOGING SOURCE
Transcribing agency NUST
245 00 - TITLE STATEMENT
Title Turek's Orthopaedics :
Remainder of title principles and their application/
Statement of responsibility, etc. edited by Stuart L. Weinstein
246 30 - VARYING FORM OF TITLE
Title proper/short title Orthopaedics
250 ## - EDITION STATEMENT
Edition statement 5th ed.
260 ## - PUBLICATION, DISTRIBUTION, ETC.
Place of publication, distribution, etc. Philadelphia :
Name of publisher, distributor, etc. Lippincott,
Date of publication, distribution, etc. c1994.
300 ## - PHYSICAL DESCRIPTION
Extent xiv, 708 p., 8 p. of plates :
Other physical details ill. (some col.) ;
Dimensions 27 cm.
500 ## - GENERAL NOTE
General note Rev. ed. of: Orthopaedics : principles and their application / Samuel L. Turek. 4th ed. c1984.
504 ## - BIBLIOGRAPHY, ETC. NOTE
Bibliography, etc. note Includes bibliographical references.
500 ## - GENERAL NOTE
General note Includes index.
650 #0 - SUBJECT ADDED ENTRY--TOPICAL TERM
Topical term or geographic name entry element Orthopedics.
650 #2 - SUBJECT ADDED ENTRY--TOPICAL TERM
Topical term or geographic name entry element Orthopedics.
700 1# - ADDED ENTRY--PERSONAL NAME
Personal name Weinstein, Stuart L.
700 1# - ADDED ENTRY--PERSONAL NAME
Personal name Buckwalter, Joseph A.
700 1# - ADDED ENTRY--PERSONAL NAME
Personal name Turek, Samuel L.
Title of a work Orthopaedics.
907 ## - LOCAL DATA ELEMENT G, LDG (RLIN)
a .b10213636
b 20-07-12
c 06-09-06
942 ## - ADDED ENTRY ELEMENTS (KOHA)
Koha item type Ordinary Loan Books
Holdings
Date last seen Total Checkouts Full call number Barcode Cost, replacement price Price effective from Koha item type Lost status Source of classification or shelving scheme Damaged status Not for loan Collection Withdrawn status Home library Current library Shelving location Date acquired Cost, normal purchase price
01/20/2023 10 RD731 TUR 92004002051 80.00 01/20/2023 BOOKS   LCC     NFIC   Medical Medical GEN 01/20/2023 80.00